Statistics for Baden-Württemberg - KFZ Kennzeichen

Click here to take the quiz!

General Stats

  • This quiz has been taken 163 times
    (63 since last reset)
  • The average score is 39 of 60

Answer Stats

HintAnswer% Correct
SStuttgart
100%
KAKarlsruhe
98%
Tübingen
96%
FRFreiburg
94%
HDHeidelberg
94%
PFPforzheim
92%
HNHeilbronn
90%
ESEsslingen
88%
BBBöblingen
86%
VSVillingen Schwenningen
86%
AAAalen
84%
BADBaden-Baden
84%
CWCalw
84%
KNKonstanz
84%
LEOLeonberg
84%
MAMannheim
84%
RVRavensburg
84%
TUTTuttlingen
84%
ULUlm
84%
RTReutlingen
82%
HDHHeidenheim
80%
SIGSigmaringen
80%
GPGöppingen
78%
LBLudwigsburg
78%
RARastatt
78%
Lörrach
74%
SHASchwäbisch Hall
74%
FNFriedrichshafen
72%
FDSFreudenstadt
70%
MOSMosbach
70%
RWRottweil
70%
ÜBÜberlingen
68%
NTNürtingen
66%
ÖHRÖhringen
66%
CRCrailsheim
60%
EMEmmendingen
60%
OGOffenburg
60%
TBBTauberbischhofsheim
60%
KÜNKünzelsau
58%
KELKehl
56%
BCBiberach
52%
HORHorb
52%
GDSchwäbisch Gmünd
52%
BLBalingen
50%
WNWaiblingen
50%
BKBacknang
46%
HCHHechingen
46%
MGHMergentheim
44%
LRLahr
42%
BÜSBüsingen
40%
WTWaldshut
40%
SÄKSäckingen
36%
TTTettnang
36%
VAIVaihingen an der Enz
36%
BHBühl
32%
WGWangen
32%
BCHBuchen
28%
WOLWolfach
28%
SLGBad Saulgau
26%
STOStockach
22%

Score Distribution

Percentile by Number Answered

Percent of People with Each Score

Your Score History

You have not taken this quiz since the last reset